Термодиффузионный механизм просветления двухкомпонентной среды лазерным излучением; Известия Томского политехнического университета [Известия ТПУ]; Т. 311, № 2 : Математика и механика. Физика

Dades bibliogràfiques
Parent link:Известия Томского политехнического университета [Известия ТПУ]/ Томский политехнический университет (ТПУ).— , 2000-
Т. 311, № 2 : Математика и механика. Физика.— 2007.— [С. 39-42]
Altres autors: Иванов В. И., Карпец Ю. М., Окишев К. Н., Ливашвили А. И.
Sumari:Заглавие с титульного листа
Электронная версия печатной публикации
Проанализирован термодиффузионный механизм просветления жидкофазной среды с поглощающими частицами под действием лазерного излучения. Экспериментально исследовано просветление водной суспензии частиц углерода под действием излучения He-Ne лазера. Исследована эффективность записи амплитудных динамических голограмм в двухкомпонентных средах с термодиффузионным механизмом модуляции коэффициента поглощения.
Idioma:rus
Publicat: 2007
Col·lecció:Математика и механика. Физика
Matèries:
Accés en línia:http://www.lib.tpu.ru/fulltext/v/Bulletin_TPU/2007/v311/i2/10.pdf
Format: MixedMaterials Electrònic Capítol de llibre
KOHA link:https://koha.lib.tpu.ru/cgi-bin/koha/opac-detail.pl?biblionumber=172418

MARC

LEADER 00000nla2a2200000 4500
001 172418
005 20231031164258.0
035 |a (RuTPU)RU\TPU\book\186983 
035 |a RU\TPU\book\186975 
090 |a 172418 
100 |a 20091213d2007 k y0rusy50 ca 
101 0 |a rus 
102 |a RU 
135 |a drnn ---uucaa 
181 0 |a i  
182 0 |a b 
200 1 |a Термодиффузионный механизм просветления двухкомпонентной среды лазерным излучением  |b Электронный ресурс  |f В. И. Иванов [и др.] 
203 |a Текст  |c электронный 
215 |a 1 файл (350 Кб) 
225 1 |a Математика и механика. Физика 
230 |a Электронные текстовые данные (1 файл : 350 Кб) 
300 |a Заглавие с титульного листа 
300 |a Электронная версия печатной публикации 
320 |a [Библиогр.: с. 42 (6 назв.)] 
330 |a Проанализирован термодиффузионный механизм просветления жидкофазной среды с поглощающими частицами под действием лазерного излучения. Экспериментально исследовано просветление водной суспензии частиц углерода под действием излучения He-Ne лазера. Исследована эффективность записи амплитудных динамических голограмм в двухкомпонентных средах с термодиффузионным механизмом модуляции коэффициента поглощения. 
337 |a Adobe Reader 
461 1 |0 (RuTPU)RU\TPU\book\176237  |t Известия Томского политехнического университета [Известия ТПУ]  |f Томский политехнический университет (ТПУ)  |d 2000- 
463 1 |0 (RuTPU)RU\TPU\book\186973  |x 1684-8519  |t Т. 311, № 2 : Математика и механика. Физика  |v [С. 39-42]  |d 2007  |p 170 с. 
610 1 |a термодиффузионные механизмы 
610 1 |a просветление 
610 1 |a лазерное излучение 
610 1 |a жидкофазные среды 
610 1 |a поглощающие частицы 
610 1 |a водные суспензии 
610 1 |a углерод 
610 1 |a амплитудные динамические голограммы 
610 1 |a двухкомпонентные среды 
610 1 |a модуляция 
610 1 |a электронный ресурс 
701 1 |a Иванов  |b В. И. 
701 1 |a Карпец  |b Ю. М. 
701 1 |a Окишев  |b К. Н. 
701 1 |a Ливашвили  |b А. И. 
801 1 |a RU  |b 63413507  |c 20090623  |g PSBO 
801 2 |a RU  |b 63413507  |c 20211116  |g PSBO 
856 4 |u http://www.lib.tpu.ru/fulltext/v/Bulletin_TPU/2007/v311/i2/10.pdf 
942 |c CF